000 00792nam a22003017a 4500
003 DO-SdBNP
005 20180320111955.0
008 060721 2002 sp spa
017 _a
_b
020 _a8408044990
035 _a
040 _aBPMSU
_bspa
_cBPMSU
_e
082 _a
_b
092 _axxx
_bxxx
_2
100 _aPreciado, Nativel
_d1948-
245 1 3 _aEl egoísta /
_cNativel Preciado
_h
260 _aEspaña :
_bPlaneta,
_c2002.
_e
_f
300 _a254 p. ;
_c21 cm.
490 0 _aNovela única
650 _2NOVELA INGLESA
650 4 _2MAGIA - NOVELA
650 4 _2NOVELA JUVENIL INGLESA
830 0 _aNovela única
942 _2ddc
_cBK
945 _ainventariado extranjero / DG
956 _aYLOCKWARD
_210
_6BPMSU
_800144
980 _a
_a
_b
_j
_c
999 _c12820
_d12820